banner koha

A união pede mais força (Registro n. 328079)

MARC details
000 -LÍDER
fixed length control field 00821nab a2200253 4500
003 - CÓDIGO MARC DA AGÊNCIA CATALOGADORA
Campo de controle BR-BrBNA
005 - DATA E HORA DA ÚLTIMA ATUALIZAÇÃO
Campo de controle 20241013230013.0
008 - CAMPO DE TAMANHO FIXO
fixed length control field 241013b bl.||||| |||| 00| 0 por d
040 ## - FONTE DA CATALOGAÇÃO
Agência catalogadora BR-BrBNA
Idioma da catalogação por
072 ## - CATEGORIA AGRIS
Código AGRIS E40 ; E50
100 ## - ENTRADA PRINCIPAL - NOME PESSOAL
Nome pessoal Matthiesen, Marina
100 ## - ENTRADA PRINCIPAL - NOME PESSOAL
Nome pessoal Lacombe, Renata
245 ## - TÍTULO PRINCIPAL
Título principal A união pede mais força
500 ## - NOTA GERAL
Nota geral 3 illus.; 1 table
942 ## - ADDED ENTRY ELEMENTS (KOHA)
Koha item type Analítica
650 ## - ASSUNTO - THESAGRO
Cabeçalho tópico ou nome geográfico ASSOCIATIVISMO
650 ## - ASSUNTO - THESAGRO
Cabeçalho tópico ou nome geográfico ASSOCIAÇÃO RURAL
650 ## - ASSUNTO - THESAGRO
Cabeçalho tópico ou nome geográfico COOPERATIVISMO
650 ## - ASSUNTO - THESAGRO
Cabeçalho tópico ou nome geográfico COOPERATIVA DE PRODUTORES
650 ## - ASSUNTO - THESAGRO
Cabeçalho tópico ou nome geográfico SINDICATO
650 ## - ASSUNTO - THESAGRO
Cabeçalho tópico ou nome geográfico SOCIOLOGIA RURAL
773 0# - ENTRADA ANALÍTICA
Host Biblionumber 4115
Registro do item 344975
Imprenta Piracicaba-SP Centro de Estudos Avançados em Economia Aplicada-CEPEA/USP/ESALQ 2002
Outro identificador 2024-5388
Título Hortifruti Brasil (Brazil)
ISSN 1981-1837
Colação v. 2(16) p. 10-13; (Aug 2003)
Número de controle de registro BR2024003035

Nenhum exemplar disponível.

BINAGRI

Telefone: (61)3218-2567/2388/3357/2097 - binagri@agro.gov.br

Ministério da Agricultura e Pecuária , Esplanada dos Ministérios, Bloco D, Anexo B, Brasília/DF, CEP: 70.043-900